[Event "ITA-ch U20 26th"]
[Site "Bratto"]
[Date "2003.08.22"]
[Round "2"]
[White "Gatterer, Matthias"]
[Black "Boscolo, Marco"]
[Result "1/2-1/2"]
[WhiteElo "1684"]
[BlackElo "1567"]
[PlyCount "164"]
[EventDate "2003.08.21"]
[EventType "swiss"]
[EventRounds "9"]
[EventCountry "ITA"]
[SourceTitle "EXT 2007"]
[Source "ChessBase"]
[SourceDate "2006.11.23"]
[SourceVersion "1"]
[SourceVersionDate "2006.11.23"]
[SourceQuality "1"]

1. d4 d5 2. c4 e6 3. Nc3 c6 4. Nf3 Nf6 5. Qc2 dxc4 6. a4 Nd5 7. e4 Nxc3 8. Qxc3 b5 9. Be2 Bb7 10. 0-0 Be7 11. b3 b4 12. Qxc4 Ba6 13. Qc2 Bxe2 14. Qxe2 a5 15. Be3 0-0 16. Rac1 f6 17. Rfd1 Qe8 18. Bf4 e5 19. dxe5 fxe5 20. Bxe5 Nd7 21. Bg3 Nc5 22. Qc4+ Kh8 23. Ne5 Rc8 24. Nd3 Nxd3 25. Qxd3 Bg5 26. Rc4 c5 27. Bd6 Be7 28. Qc2 Bxd6 29. Rxd6 Qe5 30. Qd1 Qf4 31. f3 Qg5 32. Rd5 Qe3+ 33. Kh1 h6 34. Rd3 Qg5 35. Qc1 Qxc1+ 36. Rxc1 Rfd8 37. Rd5 Rxd5 38. exd5 c4 39. bxc4 b3 40. Kg1 b2 41. Rb1 Rxc4 42. Rxb2 Rxa4 43. Rd2 Rc4 44. Kf2 Kg8 45. Ke3 Kf7 46. Ra2 a4 47. Kd3 Rb4 48. Kc3 Rb5 49. Kc4 Ra5 50. Kd4 a3 51. Ke5 Ke7 52. h4 Kd7 53. h5 Ke7 54. g4 Kd7 55. f4 Ke7 56. g5 hxg5 57. fxg5 Ra6 58. d6+ Rxd6 59. Rxa3 Rb6 60. Kf5 Kf7 61. Ra7+ Kf8 62. Rd7 Rc6 63. Rd5 Kf7 64. Rb5 Ra6 65. Rc5 Rb6 66. g6+ Ke7 67. Rc7+ Kf8 68. Ke5 Rb8 69. Ke6 Re8+ 70. Kd6 Rd8+ 71. Kc6 Rb8 72. Kd7 Ra8 73. Rb7 Re8 74. Rb5 Ra8 75. Rf5+ Kg8 76. Kd6 Ra6+ 77. Ke5 Ra5+ 78. Kf4 Ra4+ 79. Kg5 Ra1 80. Rd5 Ra8 81. h6 gxh6+ 82. Kxh6 Rb8 1/2-1/2

[Event "ITA-ch U20 26th"]
[Site "Bratto"]
[Date "2003.08.21"]
[Round "1"]
[White "Berni, Giorgio"]
[Black "Gatterer, Matthias"]
[Result "1-0"]
[WhiteElo "2219"]
[BlackElo "1684"]
[PlyCount "91"]
[EventDate "2003.08.21"]
[EventType "swiss"]
[EventRounds "9"]
[EventCountry "ITA"]
[SourceTitle "EXT 2007"]
[Source "ChessBase"]
[SourceDate "2006.11.23"]
[SourceVersion "1"]
[SourceVersionDate "2006.11.23"]
[SourceQuality "1"]

1. e4 c6 2. d4 d5 3. Nc3 dxe4 4. Nxe4 Nd7 5. Bd3 Ngf6 6. Ng5 e6 7. N1f3 Bd6 8. Qe2 h6 9. Ne4 Nxe4 10. Qxe4 Nf6 11. Qh4 Qc7 12. 0-0 Nd5 13. Re1 0-0 14. Ne5 Qe7 15. Qh3 Nb4 16. Be4 c5 17. c3 Nd5 18. Ng4 Nf4 19. Qf3 Ng6 20. Bxg6 fxg6 21. Qe4 Qf7 22. Bxh6 Bxh2+ 23. Kxh2 Qc7+ 24. Kg1 gxh6 25. Qxg6+ Qg7 26. Nxh6+ Kh8 27. Qh5 Qh7 28. Re3 Rf6 29. Qe5 Qg7 30. Rg3 Qxh6 31. Rh3 Kg8 32. Rxh6 Rxh6 33. Qg5+ Kh7 34. Qe7+ Kg8 35. Re1 Rg6 36. dxc5 b6 37. c6 Ba6 38. Rxe6 Rxe6 39. Qxe6+ Kf8 40. c7 Rc8 41. Qd7 Kg8 42. b4 Kf8 43. a4 Kg8 44. c4 Kf8 45. b5 Bb7 46. a5 1-0